[Event "Poznan op 28th"]
[Site "Poznan"]
[Date "2021.08.20"]
[Round "7"]
[White "Rozumek, Krzysztof"]
[Black "Swiatek, Mateusz"]
[Result "1-0"]
[WhiteElo "1859"]
[BlackElo "1501"]
[PlyCount "149"]
[EventDate "2021.08.15"]
[EventType "swiss"]
[EventRounds "9"]
[EventCountry "POL"]
[SourceTitle "CBM 203 Extra"]
[Source "ChessBase"]
[SourceDate "2021.09.30"]
[SourceVersion "1"]
[SourceVersionDate "2021.09.30"]
[SourceQuality "1"]

1. Nf3 Nf6 2. b3 d5 3. Bb2 e6 4. e3 a6 5. c4 Nc6 6. Be2 Be7 7. 0-0 0-0 8. d4 Re8 9. Nbd2 Bd7 10. Bd3 Nb4 11. Bb1 c5 12. Ne5 cxd4 13. exd4 Rc8 14. a3 Nc6 15. Re1 Bf8 16. Re3 Ne7 17. Qf3 dxc4 18. bxc4 Bc6 19. Qh3 Ng6 20. Nxc6 bxc6 21. Rb3 Rb8 22. Qf3 Qa5 23. Bc3 Qc7 24. g3 a5 25. Bc2 c5 26. Rab1 cxd4 27. Bxd4 Rxb3 28. Rxb3 Qd6 29. Qc3 e5 30. Be3 Ra8 31. c5 Qc7 32. Qc4 Ne7 33. Rb5 Nc6 34. Ne4 Nxe4 35. Bxe4 Rd8 36. Bxc6 Qxc6 37. Rb1 a4 38. Qb4 Rc8 39. Qb6 f6 40. Qxc6 Rxc6 41. Rb5 Kf7 42. Kf1 Ke6 43. Ra5 Kd5 44. Rxa4 g6 45. Ke2 f5 46. h4 h5 47. Kd3 Bg7 48. Rb4 Ra6 49. a4 Bf8 50. Rb8 Be7 51. Rb7 Bf8 52. Rb4 Bg7 53. Kc2 Bf8 54. Kb3 Be7 55. Rb6 Ra8 56. Kb4 f4 57. gxf4 exf4 58. Rb7 fxe3 59. Rxe7 exf2 60. Rf7 Rb8+ 61. Kc3 Ra8 62. Kb3 Kxc5 63. Rxf2 Ra6 64. Rg2 Rb6+ 65. Kc3 Kd5 66. Rg5+ Ke4 67. a5 Rf6 68. Kb4 Kd4 69. Kb5 Rf1 70. Rxg6 Rb1+ 71. Kc6 Ra1 72. Rg5 Ke4 73. Rxh5 Kf4 74. Kb6 Kg4 75. Rb5 1-0